Movies Quiz

Random Movies or Actress Quiz

'A' Actors & Actresses Quiz Stats

 Plays Quiz not verified by Sporcle

Also try: Movie Directors II
Challenge
Share
Tweet
Embed
Score 0/22 Timer 04:00
0 Plays Today
Movies or TV Shows Actor % Correct
Toy Story, Home Improvement, The Santa ClauseTim Allen
94.2%
Along Came Polly, Friends, Marley & MeJennifer Aniston
92.8%
Argo, Pearl Harbor, Good Will HuntingBen Affleck
92.2%
Mary Poppins, The Sound of Music, The Princess DiariesJulie Andrews
91.8%
Johnny English, The Lion King, Mr. BeanRowan Atkinson
89.4%
The Muppets, Doubt, EnchantedAmy Adams
86.7%
Saturday Night Live, The Blues Brothers, GhostbustersDan Aykroyd
86.7%
Scary Movie 3, Baywatch, V.I.P.Pamela Anderson
85%
Seinfeld, Shallow Hal, Pretty WomanJason Alexander
83.6%
Fantastic Four, Good Luck Chuck, Sin CityJessica Alba
82.3%
Hannah and Her Sisters, Match Point, Annie HallWoody Allen
81.6%
Movies or TV Shows Actor % Correct
Anchorman, Married... with Children, Up All NightChristina Applegate
79.9%
M*A*S*H, Crimes and Misdemeanors, The West WingAlan Alda
78.2%
Up, The Mary Tyler Moore Show, ElfEd Asner
77.8%
Lovers and Other Strangers, The Golden Girls, MaudeBea Arthur
77.5%
Cheers, Look Who's Talking, Shoot to KillKirstie Alley
76.1%
Eight Legged Freaks, Scream, Never Been KissedDavid Arquette
75.1%
The X-Files, Great Expectations, The Last King of ScotlandGillian Anderson
74.4%
Arrested Development, Up All Night, Blades of GloryWill Arnett
72.7%
Top Hat, Funny Face, Swing TimeFred Astaire
72%
Love and Other Drugs, The Simpsons, Along Came PollyHank Azaria
70.3%
Little Miss Sunshine, Get Smart, ArgoAlan Arkin
69.3%

You're not logged in!

Compare scores with friends on all Sporcle quizzes.
OR
Log In

You Might Also Like...

Show Comments

Extras

Top Quizzes Today


Score Distribution

Your Account Isn't Verified!

In order to create a playlist on Sporcle, you need to verify the email address you used during registration. Go to your Sporcle Settings to finish the process.

Report this User

Report this user for behavior that violates our Community Guidelines.

Details: